| 000 | 00565nam a2200205Ia 4500 | ||
|---|---|---|---|
| 003 | OSt | ||
| 005 | 20260224160401.0 | ||
| 008 | 210210b1986 xxu||||| |||| 00| 0 eng d | ||
| 040 | _cAL | ||
| 041 | _aHindi | ||
| 082 | _a861/150 | ||
| 100 |
_aSHARMA (Harishanker) Ed _dशर्मा (हरिशंकर) _9256649 |
||
| 245 |
_aPadya prabha _bपद्य प्रभा |
||
| 260 |
_aShrInagar _bRamprasad End Sans _c1986 |
||
| 650 |
_aprabha _9256650 |
||
| 650 |
_aPadya _9256651 |
||
| 690 |
_aHindi Poetry _9256652 |
||
| 906 | _a023170 | ||
| 942 |
_2ddc _cBK |
||
| 999 |
_c148093 _d148093 |
||